INTRODUCCION A LA INGENIERIA QUIMICA (Registro nro. 52298)
[ vista simple ]
| 000 -LEADER | |
|---|---|
| fixed length control field | 01102nam a2200217 a 4500 |
| 001 - CONTROL NUMBER | |
| control field | 52298 |
| 005 - DATE AND TIME OF LATEST TRANSACTION | |
| control field | 20180714042109.0 |
| 008 - FIXED-LENGTH DATA ELEMENTS--GENERAL INFORMATION | |
| fixed length control field | 140415s1985 mx 000 0 spa d |
| 041 ## - LANGUAGE CODE | |
| Language code of text/sound track or separate title | spa |
| 082 ## - DEWEY DECIMAL CLASSIFICATION NUMBER | |
| Classification number | 660.28 |
| Item number | LIT |
| 100 1# - MAIN ENTRY--PERSONAL NAME | |
| Personal name | LITTLEJOHN, CHARLES E. |
| 245 10 - TITLE STATEMENT | |
| Title | INTRODUCCION A LA INGENIERIA QUIMICA |
| 250 ## - EDITION STATEMENT | |
| Edition statement | 1a ed. |
| 260 ## - PUBLICATION, DISTRIBUTION, ETC. | |
| Place of publication, distribution, etc. | MEXICO : |
| Name of publisher, distributor, etc. | COMPAÑIA EDITORIAL CONTINENTAL, |
| Date of publication, distribution, etc. | 1985 |
| 300 ## - PHYSICAL DESCRIPTION | |
| Extent | 740 |
| Dimensions | 15.7 x 2.8 x 22.3 |
| 520 ## - SUMMARY, ETC. | |
| Summary, etc. | EL OBJETIVO DE ESTE LIBRO ES QUE SIRVA COMO UN TEXTO ELEMENTAL A ESTUDIANTES DE INGENIERIA QUÍMICA Y PROFESIONES RELACIONADAS. MUCHOS ESTUDIANTES SE DESANIMAN DUARANTES LOS DOS PRIMEROS AÑOS DE LA UNVIERSIDAD, TALES ESTUDIANTES DEBERAN ENTENDER QUE ANTS DE PODER CONSEGUIR UNA MAESTRIA EN PRINCIPIOS DE INGENIERIA DEBERÁN SER ENTENDIDOS LOS FUNDAMENTOS. PARTE DEL CONTENIDO DE LOS PRIMEROS CAPITULOS ES GENERAL Y MAS ADELANTE VA SUBIENDO EL GRADO DE DIFICULTAD. |
| 650 14 - SUBJECT ADDED ENTRY--TOPICAL TERM | |
| Topical term or geographic name entry element | INGENIERIA QUIMICA |
| 700 1# - ADDED ENTRY--PERSONAL NAME | |
| Personal name | ANDION UZ, FRANCISCO |
| Relator term | tr. |
| 740 ## - ADDED ENTRY--UNCONTROLLED RELATED/ANALYTICAL TITLE | |
| Uncontrolled related/analytical title | AN INTRODUCTION TO CHEMICAL ENGINEERING |
| 700 1# - ADDED ENTRY--PERSONAL NAME | |
| Personal name | MEENAGHAN, GEORGE F. |
| Relator term | coaut. |
| Withdrawn status | Lost status | Source of classification or shelving scheme | Damaged status | Not for loan | Collection code | Home library | Current library | Shelving location | Date acquired | Source of acquisition | Inventory number | Total Checkouts | Full call number | Barcode | Date last seen | Date last checked out | Price effective from | Koha item type |
|---|---|---|---|---|---|---|---|---|---|---|---|---|---|---|---|---|---|---|
| Dewey Decimal Classification | General | Biblioteca Karol Wojtyla | Biblioteca Karol Wojtyla | Sala general | 03/12/2013 | Compra | 151000000000000000030567 | 2 | 660.28 LIT | 77734 | 05/01/2026 | 30/03/2023 | 03/12/2013 | Libro |